=LDR 00000nam 2200000 4500 =001 INLIS000000000028318 =005 20130612130631 =008 ***********************************ind** =035 ##$$0010-061300000028318 =041 ##$$a ind =082 ##$$a 641.562 7 =090 ##$$a 641.562 7, WIR m =100 ##$$a Wirakusumah, Emma S =245 ##$$a Menu sehat untuk lanjut usia, Dra. Emma S. Wirakusumah, M.Sc =260 ##$$a 2001 $b Jakarta =300 ##$$a vi, 188 hlm., ilus., 23 cm =650 ##$$a Makanan =650 ##$$a Aspek Kesehatan =850 ##$$a NBPNMAT